LDR 00852naa#a2200193#i#450# 001 EN\\bibl\120760 005 20260501184745.5 011 ## _a2687-0185 100 ## _a20251202b2025####ek#y0engy0150####ca 102 ## _aRU 200 1# _aThe criminal policy of Nicaragua in the field of countering the sexual exploitation of children mediated by the use of information and telecommunication technologies: prospects for the reception of positive experience _eJournal article 210 1# _aMoscow _cMoscow University of the Ministry of Internal Affairs of Russia named after V.Ya. Kikot _d2025 215 ## _a8 с. 608 ## _aJournal article _2local 675 ## _aПраво. Юридические науки. 34 _z 700 #1 _aFil'chenko _gAndrey Petrovich 700 #1 _aZhandrov _gVladimir Yur'evich 700 #1 _aTokolov _gAleksandr Vladimirovich 856 4# _amosumvd.editorum.ru _u